000 00500nam a22001577a 4500
005 20150211125538.0
008 150211b xxu||||| |||| 00| 0 eng d
022 _a2321-0311
040 _adpl
245 _aJindal journal of business research
260 _aNew Delhi
_bSage Publication
_c2013
300 _av.
_c24 cm
310 _aBi-annual
270 _aB1/1-1,MohanCooperative Industrial Area,Mathura Road,
_bNew Delhi
_dIndia
_e110044
_mcustomerservicejournal@sagepub.in
942 _2ddc
_cSR
_mJIN
_s1
999 _c91360
_d91360